Fuzzy logic:Intelligence, control and information (Record no. 2296)

MARC details
000 -LEADER
fixed length control field 00449nam a2200169Ia 4500
008 - FIXED-LENGTH DATA ELEMENTS--GENERAL INFORMATION
fixed length control field 130318s9999 xx 000 0 und d
020 ## - INTERNATIONAL STANDARD BOOK NUMBER
International Standard Book Number 9788131705346
082 ## - DEWEY DECIMAL CLASSIFICATION NUMBER
Classification number 511.313 YEN/F
100 ## - MAIN ENTRY--PERSONAL NAME
Personal name Yen, John
245 ## - TITLE STATEMENT
Title Fuzzy logic:Intelligence, control and information
260 ## - PUBLICATION, DISTRIBUTION, ETC.
Name of publisher, distributor, etc. Pearson Education
Place of publication, distribution, etc. New Delhi
Date of publication, distribution, etc. 1999
300 ## - PHYSICAL DESCRIPTION
Extent 530
650 ## - SUBJECT ADDED ENTRY--TOPICAL TERM
Topical term or geographic name entry element FUZZY LOGIC
650 ## - SUBJECT ADDED ENTRY--TOPICAL TERM
Topical term or geographic name entry element FUZZY SETS
650 ## - SUBJECT ADDED ENTRY--TOPICAL TERM
Topical term or geographic name entry element INFORMATION SYSTEM
700 ## - ADDED ENTRY--PERSONAL NAME
Personal name Langari, Reza
Holdings
Withdrawn status Lost status Damaged status Not for loan Collection code Home library Current library Shelving location Date acquired Cost, normal purchase price Total Checkouts Total Renewals Full call number Barcode Date last seen Date last checked out Price effective from Koha item type
        Fuzzy Sets/ Fuzzy Logic Kerala University of Digital Sciences, Innovation and Technology Knowledge Centre Kerala University of Digital Sciences, Innovation and Technology Knowledge Centre Mathematics 18/03/2013 404.00 7 1 511.313 YEN/F 2314 03/12/2025 23/10/2025 18/03/2013 Books